| 000 | 01080nam a2200229Ia 4500 | ||
|---|---|---|---|
| 001 | 17368 | ||
| 005 | 20260327113501.0 | ||
| 008 | 260306s9999||||xx |||||||||||||| ||und|| | ||
| 041 | _aESP | ||
| 082 |
_a657.8 _bY42M |
||
| 100 |
_aYchocán Arma, Segundo _eAUT |
||
| 245 | 0 |
_aDinámica de las cuentas del plan contable general empresarial en la aplicación de las NIC y NIIF: _bmaterial exclusivo del curso taller |
|
| 260 | _c2014 | ||
| 300 |
_as.páginas : _c29 cm. |
||
| 650 | _aGEN | ||
| 654 | _aCCO | ||
| 856 |
_uhttps://itmsp.museknowledge.com/UCSP?url=https://www.ebooks7-24.com:443/?il=43408&pg=6 _zVéase además: Plan de cuentas para sistemas contables 2025, por Uribe Medina, Luis Raúl. Versión digital |
||
| 856 |
_uhttps://0u213uci5-y-https-ebooks7--24-com.itmsp.museknowledge.com/biblioteca.aspx _zVéase además: Base de datos Ebook7-24 |
||
| 856 |
_uhttps://www.legismovil.pe/lnp.asp _zVéase además: Base de datos Legismóvil |
||
| 856 |
_uhttps://legal.legis.com.pe/home/Corporativo _zVéase además: Base de datos Multilegis |
||
| 942 |
_cLIB _dJUS _fJUS _2ddc |
||
| 999 |
_c17368 _d17368 |
||